| 000 | 00940nac a22002771u 4500 | ||
|---|---|---|---|
| 003 | EG-ScBUE | ||
| 005 | 20220124142638.0 | ||
| 008 | 100919n19uu enkc f 000 f eng d | ||
| 035 | _a(OCoLC)376920 | ||
| 040 |
_aEG-ScBUE _beng _erda _cEG-ScBUE _dEG-ScBUE |
||
| 082 | 0 | 4 |
_a823.8 _bMER _222 |
| 100 | 1 |
_aMerriman, Henry Seton, _d1862-1903, _eauthor. _919495 |
|
| 245 | 1 | 0 |
_aBarlasch of the guard / _cby H. Seton Merriman. |
| 264 | 1 |
_aLondon : _bCollins Clear-Type Press, _c[19--?] |
|
| 300 |
_a256 pages : _bportraits ; _c20 cm. |
||
| 336 |
_2rdacontent _atext _btxt |
||
| 337 |
_2rdamedia _aunmediated _bn |
||
| 338 |
_2rdacarrier _avolume _bnc |
||
| 490 | 0 | _aCollins' illustrated school classics | |
| 650 | 7 |
_aSoldiers _vFiction. _2BUEsh _935244 |
|
| 651 | 7 |
_aEurope _xHistory _y1789-1815 _vFiction. _2BUEsh |
|
| 653 |
_bHHUUEENN _cJanuary2021 |
||
| 655 |
_vReading book _934232 |
||
| 942 |
_cBB _2ddc |
||
| 999 |
_c2969 _d2969 |
||